000
00274nam a2200109Ia 4500
008
190912s9999||||xx |||||||||||||| ||und||
100
_a
Waheed Ahmad
245
4
_a
The Nation's Voice United We Win Vol-II
260
_a
karachi
_b
McGraw-Hill
_c
1996
300
_a
862
942
_c
BK
999
_c
7351
_d
7351